| 000 | 01379nam0a22002891 4500 | ||
|---|---|---|---|
| 001 | rc\3452786 | ||
| 005 | 20260407131319.0 | ||
| 021 |
_aRU _b[71-75263] |
||
| 035 | _a(NLR Aleph) 007892441 | ||
| 090 |
_a7986575 _c7986575 |
||
| 100 | _a20130115d1971 |||y0rusy50 ca | ||
| 101 | 0 | _arus | |
| 102 | _aRU | ||
| 105 | _aab z ||||| | ||
| 200 | 1 |
_aОрганизация и производство работ по геологической съемке четвертичных отложений в масштабах 1:200000 и 1:100000 _fС.В. Эпштейн (сост.), при участии М.Н. Бойцова _gВсесоюз. науч.-исслед. геол. ин-т "ВСЕГЕИ" |
|
| 210 |
_aМосква _cНедра _d1971 |
||
| 215 |
_a96 с., 8 л. табл., 2 отд. л. карт. _d21 |
||
| 606 |
_aГеологическая съемка _2psbo |
||
| 606 |
_aЧетвертичные отложения _xКартирование _2psbo |
||
| 702 | 1 |
_aБойцова _bМ.Н. _4570 |
|
| 702 | 1 |
_aЭпштейн _bС.В. _4220 |
|
| 712 | 0 | 2 |
_aВсесоюзный научно-исследовательский геологический институт им. А. П. Карпинского _cЛенинград _9462175 _3RU\NLR\AUTH\889983128 |
| 801 | 0 |
_aRU _bNLR _gpsbo |
|
| 801 | 1 |
_aRU _bELAR _2rusmarc |
|
| 852 |
_aNLR _j71-5/4995 |
||
| 942 | _cBOOK | ||
| 980 | _aNB | ||